Holy Roman Empire- Sudden Death - Statistics

General Stats
  • This quiz has been taken 81 times
    74 since last reset
  • The average score is 8 of 13
Answers on the Grid
Answers color-coded by a green-red scale on the quiz's grid according to % correct below.
Austria
Belgium
Croatia
Czechia
Denmark
France
Germany
Italy
Liechtenstein
Lithuania
Luxembourg
Monaco
Montenegro
Poland
Portugal
Russia
Slovenia
Spain
Sweden
Switzerland
The Netherlands
United Kingdom
 
Answer Stats
Answer % Correct
Germany
75%
Switzerland
74%
Italy
72%
Austria
70%
Luxembourg
70%
The Netherlands
70%
Belgium
68%
Liechtenstein
68%
Czechia
64%
France
60%
Poland
60%
Slovenia
51%
Croatia
38%
No matching quizzes found
Score Distribution
Percent of People with Each Score
Percentile by Number Answered
Your Score History
You have not taken this quiz since the last reset